Widok standardowy
Widok MARC
Pozycja Corporate Name
Liczba rekordów, w których użyto hasła: 1
001 - Numer kontrolny
- control field: 41004
003 - Identyfikator numeru kontrolnego
- control field: NUKAT
005 - Data i czas ostatniej modyfikacji
- control field: 20260430122014.0
008 - Dane kontrolne kodowane (40 znaków)
- fixed length control field: 100901n||aaznnbabn |a ana |c
010 ## - Numer kontrolny Biblioteki Kongresu
- numer kontrolny LC: sx2007078861
040 ## - Instytucja sporządzająca rekord
- inst. przygot. dane do rek. khw: GD PAN/JS
- język haseł przedmiotowych/tezaurus: kaba
- inst. wprow. rek. khw: GD PAN/JS
110 2# - Hasło - nazwa ciała zbiorowego
- nazwa ciała zbior. lub geogr. na pocz.: Solidarność Walcząca
- określnik formy: relacje osobiste.